|
|
|
|
| LEADER |
00000cam a2200000 7i4500 |
| 001 |
0000004081 |
| 005 |
20160419.0 |
| 020 |
0 |
0 |
|a 9832181380
|
| 090 |
0 |
0 |
|a 634.9209595
|b FRIM 2003
|
| 245 |
0 |
0 |
|a Management prescriptions for non production functional classes of forest
|c contributors Shamsudin Ibrahim...[et.al]
|
| 260 |
0 |
0 |
|a Selangor :
|b FRIM ,
|c 2003
|
| 300 |
|
|
|a xiii,154 pages. :
|b ill. ;
|c 25 cm.
|
| 500 |
0 |
0 |
|a Bibliography 151-154p
|
| 650 |
0 |
0 |
|a Forest and forestry---Malaysia
|
| 650 |
0 |
0 |
|a Forest and forestry---Management
|
| 650 |
0 |
0 |
|a Malayan Forest Record no 46
|
| 700 |
0 |
1 |
|a Hj Badaruddin Kasran
|
| 700 |
0 |
1 |
|a Shafiah Muhammad Yussof
|
| 700 |
0 |
1 |
|a Shamsudin Musa
|
| 700 |
0 |
1 |
|a Siti Aisah Shamsudin
|
| 700 |
1 |
1 |
|a Hj Abd. RAzak Othman
|
| 700 |
1 |
1 |
|a Noor Azlin Yahya
|
| 998 |
|
|
|a JPSM
|
| 999 |
|
|
|a 007942
|b Monograph
|c Open Shelf
|e Default branch
|